000 00646nam a2200205Ia 4500
003 GCL
008 140319s9999 xx 000 0 ara d
040 _aGCL /
_cGCL
082 0 4 _aد
_b810.5
_bه ق
100 1 _aالهيئة المصرية العامة للكتاب
245 1 0 _aالقصة /
_cالهيئة المصرية العامة للكتاب
260 _a[S.N] :
_bالهيئة المصرية العامة للكتاب
300 _aمتعدد الترقيم
490 _aموسوعه السنه
_v0
650 0 4 _aالادب العربى
650 0 4 _aالادب
650 0 4 _aالقصص
650 0 4 _aنقد
942 _2ddc
_cCF
999 _c26941
_d26941